Introduction to fibres and fabrics ; their manufacture and properties.

Bibliographic Details
Main Author: Kornreich, E.
Format: Book
Language:English
Published: London : National Trade Press, 1952.
Subjects:

MARC

Tag First Indicator Second Indicator Subfields
LEADER 00000cam a2200000 4500
001 in00000702821
005 20151016053759.0
008 730301s1952 enka 00000 eng
010 |a  53003307  
035 |a (OCoLC)00567385 
035 |9 ADC1959AM 
040 |a DLC  |c WSU  |d TXA  |d UtOrBLW 
049 |a TXAM  |c [220594] 
050 0 |a TS1445  |b .K65 
092 |a 677  |b K84i 
100 1 |a Kornreich, E. 
245 1 0 |a Introduction to fibres and fabrics ;  |b their manufacture and properties. 
264 1 |a London :  |b National Trade Press,  |c 1952. 
300 |a 193 pages :  |b illustrations ;  |c 22 cm. 
336 |a text  |b txt  |2 rdacontent 
337 |a unmediated  |b n  |2 rdamedia 
338 |a volume  |b nc  |2 rdacarrier 
650 0 |a Textile fibers. 
650 0 |a Textile fabrics. 
650 0 |a Textile industry. 
999 |a MARS 
999 f f |s 0b7c8c33-468a-38a6-a771-389304b504d6  |i fa24ef39-f9ae-38d2-80fd-a402c4965bc0  |t 0 
952 f f |p ric  |a Texas A&M University  |b Rellis Campus  |c Joint Library Facility  |d Remote Storage  |t 0  |e TS1445 .K65  |h Library of Congress classification  |i unmediated -- volume  |m A14801131819 
998 f f |a TS1445 .K65  |t 0  |l Remote Storage